00466cam a2200181 a 4500001000800000005001700008008004100025010001700066020001500083040001800098041000800116080001800124082002200142100000700164101000800171245004100179504006400220447098020180221072708.0960515s1996 nyua b 001 0 eng  a 96022913  a0684832208 aDLCcDLCdDLC aeng a155.937 MIC00a155.937 MIC2201 a50 aPSI10aMortally wounded :cMichael Kearney. aIncludes bibliographical references (p. 187-188) and index.